| 000 | nam a22 7a 4500 | ||
|---|---|---|---|
| 999 |
_c9083 _d9083 |
||
| 005 | 20220330021121.0 | ||
| 008 | 220330b xxu||||| |||| 00| 0 eng d | ||
| 020 |
_a9789715429436 _bpaperback |
||
| 040 |
_beng _cAPEC Schools Library _erda |
||
| 082 |
_aF 899.211 _bA448i 2021 |
||
| 100 | _aOrua, Jov | ||
| 245 |
_aIsang dekadang Resty / _cJov Ortua |
||
| 264 |
_aQuezon City ; _bUniversity of the Philippines Press, _c©2021. |
||
| 300 | _a168 pages. | ||
| 336 |
_2rdacontent _atext |
||
| 337 |
_2rdamedia _aunmediated |
||
| 338 |
_2rdacarrier _avolume |
||
| 942 |
_2ddc _cFIC |
||